Mediálny jazyk - šikovný kúzelník
Mediálny jazyk, ako aj bežná ľudská komunikácia, sú popretkávané rôznymi jazykovými prostriedkami. Významy, ich prenos a dekódovanie sú hlavnou zložkou komunikačného procesu. Figuratívne významy však nemusia byť vždy ľahko dekódované, vychádzajú z kultúrneho, ekonomického, spoločenského aj politické...
Salvato in:
| Autore principale: | |
|---|---|
| Natura: | Capitolo di libro |
| Lingua: | slovacco |
| Soggetti: | |
| Tags: |
Nessun Tag, puoi essere il primo ad aggiungerne!!
|
MARC
| LEADER | 00000naa$a2200000$$$4500 | ||
|---|---|---|---|
| 001 | 0191010 | ||
| 005 | 20240502073219.0 | ||
| 041 | 0 | |a slo | |
| 044 | |a SK | ||
| 245 | 1 | 0 | |a Mediálny jazyk - šikovný kúzelník |c Mariana Schmidtová |
| 520 | |a Mediálny jazyk, ako aj bežná ľudská komunikácia, sú popretkávané rôznymi jazykovými prostriedkami. Významy, ich prenos a dekódovanie sú hlavnou zložkou komunikačného procesu. Figuratívne významy však nemusia byť vždy ľahko dekódované, vychádzajú z kultúrneho, ekonomického, spoločenského aj politického prostredia. Preto je často potrebné mať viac informácií na odhalenie významu metafory, synekdochy, či frazeologickej jednotky. | ||
| 610 | 2 | 0 | |a jazykoveda |
| 610 | 2 | 0 | |a frazeológia |
| 610 | 2 | 0 | |a komunikácia |
| 610 | 2 | 0 | |a médiá |
| 100 | 1 | |a Schmidtová, Mariana | |